00704 2200277 4500001002100000005001700021008004100038020001800079035002400097082001000121090002000131100001000151245005600161250001000217260002800227300002400255440002600279650001800305700002700323850001700350980001100367985000600378986001200384999001500396999001500411YOGYA-0209000003936820090227025451.0 ind  a979-759-067-4 0010-020900000039368 a741.5 a741.5bWuG SlK aWU, G aSoichiro HondacG Wu ; editor, A Ariobimo Nusantara aCet.1 aJakartabGrasindoc2005 a62 hlmbilusc29 cm aBiografi orang sukses aKomik, Bacaan aNusantara, A. Ariobimo aYOPDYOG(JSC) a100306 a2 autrtrev a05B0007797 a05B0007798